000 00443nam a22001817a 4500
003 MPLRDC
005 20220104164125.0
008 210129b ||||| |||| 00| 0 eng d
020 _a9909620430000
082 _a952.9 STE
100 _aDAVE STEVENSON. EDITOR
245 _aDIGITAL PHOTOGRAPHY
_c
250 _a1ST ED.
260 _aENGLAND
_bMAGBOOK
_c
300 _bONE PIECE OF CD
650 _aDIGITAL CAMERA
942 _cBK
_o952.9 STE
999 _c56801
_d56791